Curso de matemática elemental
Salvato in:
| Autore principale: | |
|---|---|
| Natura: | Libro |
| Lingua: | spagnolo |
| Pubblicazione: |
Santiago
Universitaria
1994
|
| Serie: | Coleccion escolar
|
| Soggetti: | |
| Tags: |
Aggiungi Tag
Nessun Tag, puoi essere il primo ad aggiungerne!!
|
MARC
| LEADER | 00000nam a2200000 a 4500 | ||
|---|---|---|---|
| 001 | UCY5223 | ||
| 003 | CL-VaPUC | ||
| 008 | 950419e19940000CL |||||||||||||||||spa|d | ||
| 082 | 0 | 4 | |a 510 |b MER |2 21 |
| 100 | |a Mercado Schüler, Carlos |e autor |9 544273 | ||
| 245 | 1 | 0 | |a Curso de matemática elemental |
| 300 | |a v | ||
| 942 | |c BK | ||
| 945 | |d 19950419 00:00:00 |a mfernand | ||
| 260 | |a Santiago |b Universitaria |c 1994 | ||
| 500 | |a v.1: Algebra | ||
| 500 | |a v.2: Logaritmos, vectores y escalares, cálculo diferencial, complejos, cálculo integral, trigonometría, geometría analítica | ||
| 500 | |a v.3-4: Geometría | ||
| 500 | |a v.5: Aritmética | ||
| 500 | |a v.6: Conjuntos | ||
| 500 | |a v.7: Matrices, determinantes, transformaciones puntuales y proyecciones | ||
| 500 | |a v.8: Análisis combinatorio y cálculo de probabilidades | ||
| 500 | |a v.9: Estadística descriptiva | ||
| 650 | 0 | |a Matemática |9 260235 | |
| 650 | 0 | |a Álgebra |9 259567 | |
| 650 | 0 | |a Logaritmos |9 260266 | |
| 650 | 0 | |a Trigonometría |9 259568 | |
| 650 | 0 | |a Análisis vectorial |9 260451 | |
| 650 | 0 | |a Cálculo diferencial |9 260102 | |
| 650 | 0 | |a Cálculo integral |9 260103 | |
| 583 | |a last modification |c 19950419 00:00:00 |k Rodrigo Vera | ||
| 490 | 0 | |a Coleccion escolar | |
| 999 | |c 232924 |d 232922 | ||